AssocRICS (Record no. 112417)

MARC details
000 -LEADER
fixed length control field 00713cam a22002175a 4500
001 - CONTROL NUMBER
control field L153197
008 - FIXED-LENGTH DATA ELEMENTS--GENERAL INFORMATION
fixed length control field 110622s2011 xxk f 000 0 eng d
020 ## - INTERNATIONAL STANDARD BOOK NUMBER
International Standard Book Number 9781842195666
035 ## - SYSTEM CONTROL NUMBER
System control number (Sirsi) u153197
041 0# - LANGUAGE CODE
Language code of text/sound track or separate title eng
050 04 - LIBRARY OF CONGRESS CALL NUMBER
Classification number 333.3307 $2 18
100 1# - MAIN ENTRY--PERSONAL NAME
Personal name Hirst, Christina
245 00 - TITLE STATEMENT
Title AssocRICS
Remainder of title your practical guide to success
260 ## - PUBLICATION, DISTRIBUTION, ETC.
Place of publication, distribution, etc. London
Name of publisher, distributor, etc. RICS
Date of publication, distribution, etc. 2011
520 ## - SUMMARY, ETC.
Summary, etc. Crammed with practical information, this guide has been written especially for candidates. It leads you through each stage of the process, from registration onwards.
590 ## - LOCAL NOTE (RLIN)
Local note KA NTK
651 #4 - SUBJECT ADDED ENTRY--GEOGRAPHIC NAME
Geographic name United Kingdom
Chronological subdivision
690 ## - LOCAL SUBJECT ADDED ENTRY--TOPICAL TERM (OCLC, RLIN)
Topical term or geographic name as entry element CAREERS, EDUCATION AND TRAINING-QUALIFICATION ROUTES
942 ## - ADDED ENTRY ELEMENTS (KOHA)
Suppress in OPAC 0
Holdings
Withdrawn status Lost status Source of classification or shelving scheme Damaged status Not for loan Home library Current library Shelving location Date acquired Total Checkouts Full call number Barcode Date last seen Copy number Price effective from Koha item type
    Dewey Decimal Classification     London London Books 22/06/2011   333.3307 HIR 30076617 06/08/2019 2 06/08/2019 Book
    Dewey Decimal Classification     London London Books 22/06/2011   333.3307 HIR 30076612 06/08/2019 3 06/08/2019 Book
    Dewey Decimal Classification     London London RICS Boxes 22/06/2011   RICS 2011/25 30076616 06/08/2019 1 06/08/2019 Archive